Remaking history: 1948 police action and the muslims of Hyderabad (Record no. 1227290)

MARC details
000 -LEADER
fixed length control field 00646nam a2200217Ia 4500
005 - DATE AND TIME OF LATEST TRANSACTION
control field 20241129110109.0
008 - FIXED-LENGTH DATA ELEMENTS--GENERAL INFORMATION
fixed length control field 241129s9999||||xx |||||||||||||| ||und||
020 ## - INTERNATIONAL STANDARD BOOK NUMBER
International Standard Book Number 978-1-009-33963-6
037 ## - SOURCE OF ACQUISITION
Stock number TB
040 ## - CATALOGING SOURCE
Original cataloging agency ARTS
Language of cataloging eng
Transcribing agency ARTS
041 ## - LANGUAGE CODE
Language code of text/sound track or separate title eng
Source of code eng
084 ## - COLON CLASSIFICATION NUMBER
Classification number V44Q742 R3
Assigning agency ARTS
100 ## - MAIN ENTRY--PERSONAL NAME
Personal name Afsar Mohammad Au.
9 (RLIN) 727204
245 #0 - TITLE STATEMENT
Title Remaking history: 1948 police action and the muslims of Hyderabad
Statement of responsibility, etc. Afsar Mohammad Au.
260 ## - PUBLICATION, DISTRIBUTION, ETC.
Place of publication, distribution, etc. Cambridge, USA
Name of publisher, distributor, etc. Cambridge University Press
Date of publication, distribution, etc. 2023
300 ## - PHYSICAL DESCRIPTION
Extent xxiii,306p.
365 ## - TRADE PRICE
Price type code INR
Price amount 1450
650 ## - SUBJECT ADDED ENTRY--TOPICAL TERM
Topical term or geographic name entry element History
942 ## - ADDED ENTRY ELEMENTS (KOHA)
Koha item type Textbook
Classification part V44Q742 R3
Holdings
Withdrawn status Lost status Damaged status Not for loan Home library Current library Date acquired Source of acquisition Cost, normal purchase price Inventory number Total Checkouts Full call number Barcode Date last seen Price effective from Koha item type
        Arts Library Arts Library 2024-11-29 Pioneer Book Distributors 1450.00 12 & 15/12/2023   V44Q742 R3 AL1803324 2024-11-29 2024-11-29 Textbook
Copyright @ Delhi University Library System